Historia del mueble : tiempos modernos /
Gespeichert in:
| Format: | Buch |
|---|---|
| Sprache: | Spanisch |
| Schriftenreihe: | (Biblioteca del Arte Popular ;
13) |
| Schlagworte: | |
| Tags: |
Keine Tags, Fügen Sie das erste Tag hinzu!
|
MARC
| LEADER | 00000nam^a2200000^a^4500 | ||
|---|---|---|---|
| 001 | 000125431 | ||
| 005 | 20250526000000.0 | ||
| 009 | 20260310094650.405 | ||
| 037 | |a Acervo ITESO - Biblioteca | ||
| 041 | |a ESP | ||
| 082 | |a 749. 2 |b HIS V. 2 | ||
| 245 | 0 | 0 | |a Historia del mueble : |b tiempos modernos / |
| 264 | |a Madrid, España : |b La España, |c copyright fecha no identificada | ||
| 300 | |a 77 p. ; |c 18.0 cm. | ||
| 440 | 1 | |a (Biblioteca del Arte Popular ; |v 13) | |
| 649 | |a XX | ||
| 650 | |a Muebles - |x Historia | ||
| 650 | |a Diseño Industrial | ||
| 650 | |a Decoración y Ornamentación | ||
| 650 | |a Arte | ||
| 910 | |a Fondo Salvador Reynoso Reynoso | ||
| 920 | |a Impresos - Libros | ||
| 930 | |a Libros Antiguos y Raros | ||
| 905 | |a 108 | ||
| 901 | |a 0800008277 |b IT2 |c LRA |u 20250526 | ||
| 902 | |a https://opac.biblio.iteso.mx/vufind/Record/000125431 | ||